000 00320 a2200157 4500
001 178453
020 _a
040 _cMagnum
100 _aFrança, Mary
240 1 0 _aContos de endersen
_lpor
245 1 0 _aContos de endersen
362 0 _a1899
440 1 _aÁtica
697 _aMAGNITO: IJ/CONTOS
942 _cBK
999 _c178453
_d178453